[Event "Caioba Rapid op 7th"]
[Site "Caioba"]
[Date "2023.06.18"]
[Round "8"]
[White "Santiago, Yago de Moura"]
[Black "Bachmann, Axel"]
[Result "0-1"]
[WhiteElo "2481"]
[BlackElo "2604"]
[PlyCount "72"]
[EventDate "2023.06.17"]
[EventType "swiss (rapid)"]
[EventRounds "11"]
[EventCountry "BRA"]
[SourceTitle "CBM 214 Extra"]
[Source "ChessBase"]
[SourceDate "2023.07.31"]
[SourceVersion "1"]
[SourceVersionDate "2023.07.31"]
[SourceQuality "1"]

1. d4 d5 2. c4 dxc4 3. Nf3 Nf6 4. e3 b5 5. a4 b4 6. Bxc4 e6 7. 0-0 Be7 8. Qe2 Bb7 9. Bb5+ c6 10. Bd3 c5 11. e4 cxd4 12. e5 Nfd7 13. Nbd2 Nc5 14. Bb5+ Nbd7 15. Nxd4 Qc7 16. Nc4 0-0 17. Bf4 a6 18. Bxd7 Qxd7 19. Rfd1 Qc7 20. Rac1 Rac8 21. h4 Rfd8 22. Nd6 Bxd6 23. exd6 Qd7 24. h5 f6 25. Rxc5 Rxc5 26. Qxe6+ Qf7 27. h6 g5 28. Bg3 Rd5 29. Qe1 f5 30. f4 R5xd6 31. Qxb4 gxf4 32. Bxf4 Rg6 33. Rd2 Re8 34. Rf2 Rg4 35. b3 Re4 36. Qa5 Rxd4 0-1

[Event "Caioba Rapid op 7th"]
[Site "Caioba"]
[Date "2023.06.18"]
[Round "10"]
[White "Santiago, Yago de Moura"]
[Black "Sunye Neto, Jaime"]
[Result "1/2-1/2"]
[WhiteElo "2481"]
[BlackElo "2420"]
[PlyCount "120"]
[EventDate "2023.06.17"]
[EventType "swiss (rapid)"]
[EventRounds "11"]
[EventCountry "BRA"]
[SourceTitle "CBM 214 Extra"]
[Source "ChessBase"]
[SourceDate "2023.07.31"]
[SourceVersion "1"]
[SourceVersionDate "2023.07.31"]
[SourceQuality "1"]

1. d4 Nf6 2. c4 e6 3. Nc3 Bb4 4. e3 0-0 5. Bd3 c5 6. Nge2 d5 7. cxd5 cxd4 8. exd4 Nxd5 9. a3 Nxc3 10. Nxc3 Be7 11. 0-0 Nd7 12. Bc2 Nf6 13. Qd3 g6 14. Bh6 Re8 15. Rfe1 Bd7 16. Bb3 Bc6 17. Rad1 Qb6 18. Na4 Bxa4 19. Bxa4 Red8 20. Bb3 Rd7 21. Be3 Nd5 22. Rc1 Rad8 23. Rc2 Rc7 24. Rec1 Rxc2 25. Rxc2 a6 26. h3 Bf6 27. Ba2 Qd6 28. Qe4 Kg7 29. Rc5 Qd7 30. Bxd5 exd5 31. Qc2 Qe6 32. Rc7 Rd7 33. Rc8 Rd6 34. Qc5 Be7 35. Qc1 h5 36. Bf4 Rc6 37. Be5+ f6 38. Rxc6 Qxc6 39. Qxc6 bxc6 40. Bc7 Kf7 41. Kf1 Ke6 42. Ke2 f5 43. Kd3 g5 44. Ba5 g4 45. Bd2 Bd6 46. Kc3 Kd7 47. Kb3 Kc8 48. Bg5 Bh2 49. Kc3 Bg1 50. f3 gxf3 51. gxf3 Kd7 52. Bf4 Bf2 53. Be5 Be1+ 54. Kb3 Bd2 55. Ka4 Bc1 56. b4 Kc8 57. Kb3 Kd7 58. a4 Bd2 59. Bf6 Be1 60. Be5 Bd2 1/2-1/2

[Event "American Continental 17th"]
[Site "Juan Dolio"]
[Date "2023.05.21"]
[Round "9"]
[White "Santiago, Yago de Moura"]
[Black "Shabalov, Alexander"]
[Result "1-0"]
[WhiteElo "2471"]
[BlackElo "2480"]
[PlyCount "71"]
[EventDate "2023.05.15"]
[EventType "swiss"]
[EventRounds "11"]
[EventCountry "DOM"]
[SourceTitle "CBM 214 Extra"]
[Source "ChessBase"]
[SourceDate "2023.07.31"]
[SourceVersion "1"]
[SourceVersionDate "2023.07.31"]
[SourceQuality "1"]

1. d4 Nf6 2. c4 c5 3. d5 e6 4. Nc3 exd5 5. cxd5 d6 6. Nf3 g6 7. Bf4 a6 8. a4 Bg7 9. h3 0-0 10. e3 Re8 11. Nd2 Qc7 12. Nc4 Bf8 13. a5 Nbd7 14. Na4 Rb8 15. Be2 Ne5 16. Bxe5 dxe5 17. 0-0 Bd7 18. Nab6 Rbd8 19. Qb3 Bf5 20. Rfd1 h5 21. f3 e4 22. f4 h4 23. Rd2 Qb8 24. Rad1 g5 25. fxg5 Nh7 26. d6 Be6 27. Qa3 Nxg5 28. Qxc5 Bh6 29. Kh1 Nh7 30. Qh5 Bg5 31. Bg4 Kg7 32. Rf1 f6 33. Bxe6 Rxe6 34. Qg4 Nf8 35. Nd5 Kh8 36. Nc7 1-0

[Event "American Continental 17th"]
[Site "Juan Dolio"]
[Date "2023.05.20"]
[Round "8"]
[White "Lu, Maximillian"]
[Black "Santiago, Yago de Moura"]
[Result "0-1"]
[WhiteElo "2422"]
[BlackElo "2471"]
[PlyCount "110"]
[EventDate "2023.05.15"]
[EventType "swiss"]
[EventRounds "11"]
[EventCountry "DOM"]
[SourceTitle "CBM 214 Extra"]
[Source "ChessBase"]
[SourceDate "2023.07.31"]
[SourceVersion "1"]
[SourceVersionDate "2023.07.31"]
[SourceQuality "1"]

1. d4 e6 2. Nf3 f5 3. Bf4 Nf6 4. e3 Be7 5. h3 d6 6. Bd3 0-0 7. c4 Ne4 8. 0-0 Nc6 9. a3 Bf6 10. Bh2 e5 11. d5 Nc5 12. dxc6 e4 13. Ne1 exd3 14. Nxd3 bxc6 15. Nxc5 dxc5 16. Qa4 Rb8 17. Ra2 Be6 18. Rd1 Qe7 19. b3 Rb6 20. Rad2 a6 21. Rd3 g5 22. Qa5 Rfb8 23. Nd2 h5 24. Nf3 Rxb3 25. Rxb3 Rxb3 26. Bxc7 g4 27. Bd8 Qf7 28. Bxf6 gxf3 29. Rd8+ Kh7 30. Be5 Rb1+ 31. Kh2 fxg2 32. Kxg2 Bxc4 33. Qxc5 Bd5+ 34. Kg3 Rg1+ 35. Kf4 Rg8 36. Qd6 Rxd8 37. Qxd8 Bg2 38. Qh8+ Kg6 39. Kg3 Bd5 40. Qc8 Qe7 41. f4 h4+ 42. Kf2 Qc5 43. Qxa6 Qc1 44. Qf1 Qc2+ 45. Qe2 Qe4 46. Ke1 Bc4 47. Qf2 Qb1+ 48. Kd2 Qa2+ 49. Ke1 Qb1+ 50. Kd2 Qd3+ 51. Ke1 Kf7 52. Qf3 Ke7 53. Bd4 Qxa3 54. Qxc6 Qc1+ 55. Kf2 Qf1# 0-1

[Event "Rio de Janeiro op 2nd"]
[Site "Rio de Janeiro"]
[Date "2023.05.05"]
[Round "6"]
[White "Santiago, Yago de Moura"]
[Black "Di Berardino, Diego Rafael"]
[Result "1/2-1/2"]
[WhiteElo "2471"]
[BlackElo "2479"]
[PlyCount "39"]
[EventDate "2023.05.02"]
[EventType "swiss"]
[EventRounds "9"]
[EventCountry "BRA"]
[SourceTitle "CBM 214 Extra"]
[Source "ChessBase"]
[SourceDate "2023.07.31"]
[SourceVersion "1"]
[SourceVersionDate "2023.07.31"]
[SourceQuality "1"]

1. d4 Nf6 2. c4 e6 3. Nc3 Bb4 4. g3 d5 5. Nf3 0-0 6. Bg2 Nc6 7. 0-0 dxc4 8. Re1 Rb8 9. a3 Be7 10. Qa4 Nxd4 11. Nxd4 Qxd4 12. Be3 Qd8 13. Qxa7 Bd7 14. Bxb7 Ng4 15. Red1 Nxe3 16. fxe3 Qe8 17. Bf3 Bd6 18. Qd4 Rxb2 19. Ne4 Qb8 20. Nxd6 1/2-1/2